00169nam a2200073Ia 4500008004100000100001800041245002600059260001000085170523s9999 xx 000 0 und d aMahadevan- K. 0aDesign Data Hend Book aC B S